Study of calcium aluminate cement (cac) based grout systems containing secondary raw materials (srms) / (Record no. 533475)

000 -LEADER
fixed length control field 00546nam a22001577a 4500
020 ## - INTERNATIONAL STANDARD BOOK NUMBER
Qualifying information Hard Cover.
082 ## - DEWEY DECIMAL CLASSIFICATION NUMBER
Classification number 624.1
100 ## - MAIN ENTRY--PERSONAL NAME
Personal name Mahmood, Usman
245 ## - TITLE STATEMENT
Title Study of calcium aluminate cement (cac) based grout systems containing secondary raw materials (srms) /
Statement of responsibility, etc. Usman Mahmood.
260 ## - PUBLICATION, DISTRIBUTION, ETC.
Place of publication, distribution, etc. Islamabad :
Name of publisher, distributor, etc. NICE - NUST,
Date of publication, distribution, etc. 2017.
300 ## - PHYSICAL DESCRIPTION
Extent xii, 45 p. ill. ;
Dimensions 30cm.
942 ## - ADDED ENTRY ELEMENTS (KOHA)
Source of classification or shelving scheme
Koha item type Thesis
650 ## - SUBJECT ADDED ENTRY--TOPICAL TERM
Topical term or geographic name entry element Structural Engineering.
700 ## - ADDED ENTRY--PERSONAL NAME
Personal name Prof. Dr. Syed Ali Rizwan.
650 ## - SUBJECT ADDED ENTRY--TOPICAL TERM
-- 27385
700 ## - ADDED ENTRY--PERSONAL NAME
-- 27382
Holdings
Withdrawn status Lost status Source of classification or shelving scheme Damaged status Not for loan Permanent Location Current Location Shelving location Date acquired Total Checkouts Full call number Barcode Date last seen Price effective from Koha item type
          Central Library (CL) Central Library (CL) Thesis 01/08/2020   624.1 CL-T-4548 01/08/2020 01/08/2020 Thesis
© 2023 Central Library, National University of Sciences and Technology. All Rights Reserved.